| 000 | 01028nam a2200313zi 4500 | ||
|---|---|---|---|
| 999 |
_c1640 _d1640 |
||
| 001 | 022565684 | ||
| 003 | UkOxU | ||
| 005 | 20230116175101.0 | ||
| 007 | ta | ||
| 008 | 200106e202009uuxxk j |||||||0|0 eng|d | ||
| 020 | _a9781406393569 (hbk.) : | ||
| 035 | _a(UK-WkNB)9781406393569 | ||
| 035 | _a(StEdALDL)1/3940619 | ||
| 040 |
_aUK-WkNB _beng _erda _cUK-WkNB _dKH8 |
||
| 049 | _aCROBAR | ||
| 082 | _a428.1 ARR | ||
| 100 | 1 |
_aArrhenius, Ingela P., _eauthor. |
|
| 245 | 1 | 0 |
_aNumbers, Colours, Opposites, Shapes and Me! : _bA Pop-Up Book / _cIngela P. Arrhenius; Illustrated by Ingela P. Arrhenius. |
| 264 | 1 |
_aLondon : _bWalker Books Ltd, _c2020. |
|
| 264 | 2 |
_aGB : _bGrantham Book Services Ltd |
|
| 264 | 2 |
_aAU : _bHarper Entertainment Distribution Services |
|
| 264 | 2 |
_aNZ : _bHarper Entertainment Distribution Services |
|
| 264 | 2 |
_aZA : _bBooksite Afrika |
|
| 300 |
_a12 pages ; _c28x24x1 cm |
||
| 366 |
_b20200903 _cIP 20200902 _jGB _kxxk _2UK-WkNB |
||
| 500 | _aHardback. | ||
| 650 | _aBoard books | ||
| 942 |
_2ddc _cNFIC |
||